2004 Election Night - Statistics

General Stats
  • This quiz has been taken 16 times
  • The average score is 39 of 56
Answer Stats
Time Called EST Electoral Votes Answer % Correct
7:00 PM 11 Indiana
100%
7:00 PM 15 Georgia
88%
7:00 PM 3 Vermont
88%
8:00 PM 9 Alabama
75%
11:00 PM 55 California
75%
8:00 PM 7 Connecticut
75%
8:00 PM 3 Delaware
75%
8:00 PM 3 District of Columbia
75%
12:27 AM 27 Florida
75%
2:32 AM 4 Hawaii
75%
8:00 PM 21 Illinois
75%
After Wed. 7 Iowa
75%
7:00 PM 8 Kentucky
75%
8:00 PM 2 Maine
75%
8:00 PM 1 Maine-1
75%
12:44 AM 1 Maine-2
75%
8:00 PM 10 Maryland
75%
8:00 PM 12 Massachusetts
75%
5:30 AM 17 Michigan
75%
4:38 AM 10 Minnesota
75%
9:00 PM 2 Nebraska
75%
9:00 PM 1 Nebraska-1
75%
9:00 PM 1 Nebraska-2
75%
9:00 PM 1 Nebraska-3
75%
11:34 AM 5 Nevada
75%
8:00 PM 15 New Jersey
75%
9:00 PM 31 New York
75%
1:00 AM 20 Ohio
75%
Wed. 12:02 AM 7 Oregon
75%
9:00 PM 34 Texas
75%
7:48 PM 5 West Virginia
75%
Wed. 10 Wisconsin
75%
1:00 AM 3 Alaska
63%
12:22 AM 9 Colorado
63%
11:00 PM 4 Idaho
63%
10:16 PM 11 Missouri
63%
12:10 AM 3 Montana
63%
After Wed. 4 New Hampshire
63%
8:22 PM 15 North Carolina
63%
9:00 PM 3 North Dakota
63%
8:00 PM 7 Oklahoma
63%
10:49 PM 21 Pennsylvania
63%
8:30 PM 8 South Carolina
63%
9:00 PM 3 South Dakota
63%
10:00 PM 5 Utah
63%
8:41 PM 13 Virginia
63%
11:00 PM 11 Washington
63%
9:00 PM 3 Wyoming
63%
10:49 PM 10 Arizona
50%
10:07 PM 6 Arkansas
50%
9:00 PM 6 Kansas
50%
9:30 PM 9 Louisiana
50%
9:30 PM 6 Mississippi
50%
After Wed. 5 New Mexico
50%
9:00 PM 4 Rhode Island
50%
8:00 PM 11 Tennessee
50%
No matching quizzes found
Score Distribution
Percent of People with Each Score
Percentile by Number Answered
Your Score History
You have not taken this quiz